书目信息 |
| 题名: |
《旧唐书》与《新唐书》
|
|
| 作者: | 黄永年 著 | |
| 分册: | ||
| 出版信息: | 北京 人民出版社 1985 |
|
| 页数: | 83页 | |
| 开本: | 19cm | |
| 丛书名: | 祖国丛书 | |
| 单 册: | ||
| 中图分类: | K242.4 | |
| 科图分类: | ||
| 主题词: | 中国--历史 | |
| 电子资源: | ||
| ISBN: | ||
| 000 | 00755nam2 2200289 45 | |
| 001 | 0185015582 | |
| 005 | 20040505105914.9 | |
| 010 | @dCNY0.46 | |
| 091 | @a11001.769 | |
| 100 | @a19951103d1985 em y0chiy0121 ea | |
| 101 | 0 | @achi |
| 102 | @aCN@b110000 | |
| 105 | @ay z 000yy | |
| 106 | @ar | |
| 200 | 10 | @a《旧唐书》与《新唐书》@A《 jiu tang shu》 yu《 xin tang shu》@f黄永年著 |
| 210 | @a北京@c人民出版社@d1985 | |
| 215 | @a83页@d19cm | |
| 225 | 2 | @a祖国丛书 |
| 410 | 0 | @120010@a祖国丛书 |
| 605 | @a旧唐书@x简介 | |
| 605 | @a新唐书@x简介 | |
| 606 | 0 | @a中国@x历史 |
| 690 | @aK242.4 | |
| 701 | 0 | @a黄永年@4著@Ahuang yong nian |
| 801 | 0 | @aCN@b深圳图书馆@c20040505 |
| 801 | 2 | @aCN@bNLC@c20040505 |
| 905 | @f2@b174108-109@dK242.4@e9 | |
| 《旧唐书》与《新唐书》/黄永年著.-北京:人民出版社,1985 |
| 83页;19cm.-(祖国丛书) |
| ISBN :CNY0.46 |
| ● |
| 相关链接 |
|
|
|
|
正题名:《旧唐书》与《新唐书》
索取号:K242.4/9
 
预约/预借
| 序号 | 登录号 | 条形码 | 馆藏地/架位号 | 状态 | 备注 |
| 1 | 0174108 | 001288118 | 第二借阅区/ [索取号:K242.4/9] | 在馆 | |
| 2 | 0174109 | 001288109 | 第二借阅区/ [索取号:K242.4/9] | 在馆 | |
| 3 | 0174110 | 001288127 | 第二样本阅览室/ [索取号:K242.4/9] | 在馆 | |
| 4 | 1050650 | 210506503 | 王士立赠书/ [索取号:K242.4/9] | 在馆 |